000 00418nam a22001697a 4500
003 MPLRDC
005 20220104114648.0
008 210129b ||||| |||| 00| 0 eng d
082 _a192.8 CYM
100 _a陈宜民等译注
245 _a中国古代格言大全
_c
250 _a一版一刷
260 _a
_b重庆出版社
_c1986
300 _b
650 _a格言; 箴言; 金言
942 _cBK
_o192.8 CYM
999 _c9237
_d9227